000 00680nam a2200157 4500
999 _c16389
_d16389
008 220203b ||||| |||| 00| 0 eng d
022 _a0893-8989
082 _aDPer 363.205 P75 Sept 2013-May 2016 v. 37 & 40, n. 9-11/1-5
100 _aChavdarian, Jack.
_943810
245 _aPittsburgh river rescue:
_bthe Steel City's waterborne police respond to suicide attempts, rescue endangered swimmers, and enforce boating laws/
_cJack Chavdarian.
260 _aCalifornia:
_bBobit Business Media,
_c©Sept 2013-May 2016.
300 _av37 n11, pages 50-51;
_billustrations:
_c27 cm.
500 _aPolice: the law enforcement.
650 _aPolice
_xOperations.
_943833
942 _2ddc
_cPER